000 00334nam a22001457a 4500
003 SGT
082 _aDAS 530
100 _aDASH,SARAJ K
245 _aFUNDAMENTALS OF ELECTROMAGNETIC THEORY
250 _a1ST
260 _aNEW DELHI
_bPHI
_c2011
300 _a903
650 _aPHYSICS, ELECTROMAGNETIC THEORY
942 _2ddc
_cFPS
_01
999 _c10090
_d10090